00981nam a2200277 u 450000100100000000500170001000800410002702000150006804300120008308200120009510000200010724500880012726000360021530000110025149000210026250000700028353400280035354600090038165000260039065000410041665000360045765000270049370000370052099900150055795201310057200004150320200120222358.0101015s1984 cau r 000 0 spa d a848280930X as-ck---04aANbGLU1 aGlut, Donald F.13aEl imperio contraataca /cDonald F. Glut ; Traducción : Horacio González Trejo. aBogotá :bOveja negra,c1984. a190 p. 0aBest sellers; 30 aBasada en el relato de George Lucas: "La guerra de las galaxias". tThe empire strikes back aSpa.17aNovela estadounidense27aLiteratura estadounidense - siglo XX27aLiteratura de ciencia ficción27aVida en otros planetas1 eGonzález Trejo, Horacio, Trad. c2563d2563 00102ddc40708LAaBPMOSbBPMOSd2020-01-20i99317l0oAN GLUpMOS004682r2022-02-25tej.1w2020-01-20yBKLITzQuince días